Tự học lập trình chuyên sâu Visual Basic.net trong 21 ngày
Nội dung sách giới thiệu về cách viết ứng dụng chuyên nghiệp bằng Visual Basic .NET. Giao diện của cửa sổ ứng dụng, tạo cửa sổ form đơn giản. Tìm hiểu cơ cấu .NET. Làm việc với đối tượng (Object), tập hợp (collections). Tìm hiểu thủ tục,...
Na minha lista:
| Autor principal: | |
|---|---|
| Formato: | Livro |
| Idioma: | Undetermined |
| Publicado em: |
Hà Nội
Lao động Xã hội
2002
|
| Assuntos: | |
| Tags: |
Adicionar Tag
Sem tags, seja o primeiro a adicionar uma tag!
|
| Thư viện lưu trữ: | Trung tâm Học liệu Trường Đại học Cần Thơ |
|---|
| LEADER | 01025nam a2200181Ia 4500 | ||
|---|---|---|---|
| 001 | CTU_52234 | ||
| 008 | 210402s9999 xx 000 0 und d | ||
| 082 | |a 005.133 | ||
| 082 | |b Ph561 | ||
| 100 | |a Phương Lan | ||
| 245 | 0 | |a Tự học lập trình chuyên sâu Visual Basic.net trong 21 ngày | |
| 245 | 0 | |c Phương Lan, Hoàng Đức Hải | |
| 260 | |a Hà Nội | ||
| 260 | |b Lao động Xã hội | ||
| 260 | |c 2002 | ||
| 520 | |a Nội dung sách giới thiệu về cách viết ứng dụng chuyên nghiệp bằng Visual Basic .NET. Giao diện của cửa sổ ứng dụng, tạo cửa sổ form đơn giản. Tìm hiểu cơ cấu .NET. Làm việc với đối tượng (Object), tập hợp (collections). Tìm hiểu thủ tục, hàm và biểu thức logic... | ||
| 650 | |a Basic (ngôn ngữ chương trình máy tính),Basic (computer program language) | ||
| 980 | |a Trung tâm Học liệu Trường Đại học Cần Thơ | ||